000 00743nam a2200253Ia 4500
003 OSt
005 20220928102914.0
006 a|||||r|||| 00| 0
007 ta
008 220927b |||||||| |||| 00| 0 eng d
020 _c1490.1929
024 _a116406
037 _b112, 03/08/2012, Classic Book Service
_cTextual
040 _aSDCL
_cSDCL
_beng
041 _2eng
_aeng
082 _aV2'P, Q1
100 _aNichols Andrew
_9401208
245 0 _aCtesias of India and fragments of his minor works.
260 _aLondon
_bBristol Classical press
_c2011
300 _a189p
_ccm.
650 _aHistory
942 _hV2'P, Q1
_cTEXL
_2CC
999 _c717083
_d717083